| 000 | 00808nam a22002657a 4500 | ||
|---|---|---|---|
| 003 | CHAP | ||
| 005 | 20220329140726.0 | ||
| 008 | 971013s r 00010 d | ||
| 010 | _a56592 | ||
| 011 | _a57564 | ||
| 035 | _a61719 | ||
| 040 | _cCHAP | ||
| 090 | _aR-2310 | ||
| 100 | 0 | 0 |
_aSingh, J. N. _9106613 |
| 245 | _aNote on the yield response of soybean varieties to plant population and row spacing | ||
| 500 | _aSobretiro de : Indian J. Agric. Res. 8 (2) : 123-125, 1974 | ||
| 590 |
_aBATCH-UPD _b10 _c20130110 _lUCH01 _h0517 |
||
| 590 |
_aCONVERSION _b10 _c20130109 _lUCH01 _h1330 |
||
| 650 | 1 | 4 |
_aSoya _xEspaciamiento. _9109047 |
| 650 | 1 | 4 |
_aSoya _xRendimiento. _9109084 |
| 650 | 1 | 4 |
_aSoya _xVariedades. _9109096 |
| 901 | _aBK | ||
| 942 | _cREIMP | ||
| 949 |
_aR-2310 _bBC _cR _d-132518 _eTS1 _i61719 _si |
||
| 999 |
_c56592 _d56592 |
||